La civilisation britannique (notice n° 2128907)
[ vue normale ]
| 000 -LEADER | |
|---|---|
| fixed length control field | 01314cam a2200133 4500500 |
| 005 - DATE AND TIME OF LATEST TRANSACTION | |
| control field | 20260405022018.0 |
| 041 ## - LANGUAGE CODE | |
| Language code of text/sound track or separate title | fre |
| 042 ## - AUTHENTICATION CODE | |
| Authentication code | dc |
| 100 10 - MAIN ENTRY--PERSONAL NAME | |
| Personal name | Bourgès, Nicolas |
| Relator term | author |
| 245 00 - TITLE STATEMENT | |
| Title | La civilisation britannique |
| 260 ## - PUBLICATION, DISTRIBUTION, ETC. | |
| Name of publisher, distributor, etc. | Armand Colin,<br/> |
| Date of publication, distribution, etc. | 2013.<br/> |
| 520 ## - SUMMARY, ETC. | |
| Summary, etc. | Si proches et si différents de leurs voisins continentaux, les Britanniques ont façonné une culture unique que l’empire a largement diffusée.Après une présentation des grands événements historiques, l’auteur revient sur les tournants institutionnels qui fondent la monarchie parlementaire contemporaine (la Magna Carta, la Glorieuse Révolution de 1688). Enrichi de textes de philosophie politique (de John Locke, par exemple), l’ouvrage embrasse la civilisation britannique dans son ensemble. Des tableaux commentés mettent aussi l’accent sur le rôle de l’art dans l’élaboration de l’identité nationale au XVIIIe siècle.De plus, cet ouvrage revient sur la méthodologie de la dissertation et du commentaire de texte, deux exercices que les étudiants anglicistes doivent pratiquer et maîtriser. Ils y trouveront toutes les clés pour construire un raisonnement structuré et argumenté. |
| 856 41 - ELECTRONIC LOCATION AND ACCESS | |
| Uniform Resource Identifier | <a href="https://shs.cairn.info/la-civilisation-britannique--9782200286255?lang=fr&redirect-ssocas=7080">https://shs.cairn.info/la-civilisation-britannique--9782200286255?lang=fr&redirect-ssocas=7080</a> |
Pas d'exemplaire disponible.




Réseaux sociaux